| 000 | 00617nam a22001937a 4500 | ||
|---|---|---|---|
| 005 | 20140801114936.0 | ||
| 010 | _aENG-109971 | ||
| 020 |
_a9788184247053 _c750.00 |
||
| 035 | _aEN-93504 | ||
| 037 | _bDBAD/PUB | ||
| 245 |
_aAdvancement in convergence of technologies / _cedited by S.M. Paul Khurana [and] Priti Singh |
||
| 260 |
_aNew Delhi _bAllied Publishers _c2011 |
||
| 270 |
_a1/13-14, Asaf Ali Road _bNew Delhi _e110002 |
||
| 300 |
_axxii,552p. : _c24cm(pbk) _bill. |
||
| 500 | _aIncludes bibliographical references and index | ||
| 700 | _aKhurana, S.M. Paul | ||
| 700 | _aSingh, Priti | ||
| 942 |
_2ddc _cEN _mADV |
||
| 999 |
_c84453 _d84453 |
||